|
|
|
|
| LEADER |
00000nam a2200000 a 4500 |
| 001 |
vtls001116260 |
| 003 |
SK-MaSNL |
| 005 |
20260301183036.0 |
| 008 |
250414s1979 xo 0 slo |
| 015 |
|
|
|a SNBA1979
|
| 035 |
|
|
|a SNK000059103
|
| 040 |
|
|
|a SNK
|b slo
|c SNK
|e AACR2
|
| 041 |
0 |
|
|a slo
|
| 044 |
|
|
|a xo
|c SK
|
| 080 |
|
|
|a 371.3:372.48(024)
|2 1981
|
| 080 |
|
|
|a 372.48(024)
|2 1981
|
| 080 |
|
|
|a 372.48
|2 1981
|
| 080 |
|
|
|a 371.3(024)
|2 1981
|
| 100 |
1 |
|
|a Doubrava, Josef,
|d 1918-1986
|4 aut
|9 123083
|
| 245 |
1 |
0 |
|a Metodická príručka k Vlastivede pre 4. ročník základnej školy
|c Josef Doubrava, Matej Papík ; Mária Fúriková
|
| 250 |
|
|
|a 1. vyd.
|
| 260 |
|
|
|a Bratislava
|b Slovenské pedagogické nakladateľstvo
|c 1979
|e Nitra
|f Nitrianske tlačiarne
|
| 300 |
|
|
|a 136 s., 5,83 AH
|c 21 cm
|
| 366 |
|
|
|e 17830 výtl.
|
| 500 |
|
|
|a Lit. 24. Sch.
|
| 700 |
1 |
|
|a Papík, Matej
|4 aut
|9 335714
|
| 700 |
1 |
|
|a Fúriková, Mária
|4 trl
|9 322946
|
| 852 |
|
|
|a Slovenská národná knižnica
|
| 954 |
|
|
|a vlastiveda
|a metodika vyučovania
|
| 958 |
|
|
|a OND
|
| 958 |
|
|
|a NB
|
| 958 |
|
|
|a CZ
|
| 958 |
|
|
|a TL
|
| 999 |
|
|
|c 855665
|d 857595
|
| 952 |
|
|
|t P60, <04>, [BOOK], {604}
|a SNK
|b SNK
|y VYP
|7 0
|p 17A0196471
|o snkSC 46250 D1
|0 0
|1 0
|4 0
|d 1999-06-08
|l 0
|r 2004-12-31 00:00:00
|w 2026-02-24
|
| 952 |
|
|
|a SNK
|b SNK
|y PREZ
|7 0
|p 17A0795547
|o snkSC 46250
|0 0
|1 0
|4 0
|d 2012-07-31
|l 0
|r 2025-10-27 00:00:00
|w 2026-02-24
|